000
00328 a2200109 4500
001
ART_23942
005
20260410161933.0
008
260409a
245
1
0
_a
Los seguros de salud y el costo de los medicamentos
100
1
_a
Sebess, Pedro
773
0
_t
Informe
_g
- Año VII, Nº 44 (abr./mayo 1975)
_w
REV23765
999
_c
28745
_d
28745